000 00462nam a2200181Ia 4500
001 24823
005 20260414151109.0
008 260414t2001||||xx |||||||||||||| ||spa||
041 _aESP
082 _a346
_bD71 V. 3
100 _aDíez-Picazo, Luis
_eAUT
245 0 _aSistema de derecho civil :
_bderecho de cosas y derecho inmobiliario registral
260 _c2001
300 _a
_c24 cm.
650 _aDER
654 _aCDE
942 _cLIB
_dJUS
_fJUS
_2ddc
_n
999 _c24823
_d24823